00341nam a2200121Ia 4500008004100000082001100041245003700052250000600089260004200095300000800137630003700145730003700182090124s9999 xx 000 0 und d b303680 a अंधार काजवा a1 bकानसकर किसनc1998 a160 a अंधार काजवा a अंधार काजवा